01125nam a22002537a 450000500170000000800410001701700410005802000180009904000230011708200260014010000300016624502120019624600580040825000090046626000740047530000250054950400600057465000510063465000370068565000480072265000370077065100100080770000540081720240530110828.0190808s2018 ua g bd 000 0 ara d a2018/7310bمصر. دار الكتب a9789770531990 aEG-CaGPLcEG-CaGPL04221a150.195/bأ ق1 aايفانز، ديلان10aقاموس لاكان التمهيدى فى التحليل النفسى =bAn Introductory Dictionary of Lacanian Psychoanalysis /cديلان ايفانز ؛ ترجمة محمد احمد محمود خطاب11aAn Introductory Dictionary of Lacanian Psychoanalysis aط.1 aالقاهرة : bمكتبة الانجلو المصرية ،c2018. a428 ص. ؛c24 سم. aيشتمل على ارجاعات ببليوجرافية072qrmakaالتحليل النفسىvمعاجم072qrmakaالتكيف النفسى072qrmakaعلم الفس الفيسولوجى072qrmakaالعلاج النفسى 2qrmak0 aمحمد احمد محمود خطابeمترجم